000 00789nam a2200217 a 4500
001 000036490
005 20200930075748.0
008 120118s1985 xxu 000 0 spa d
020 _a0881671304
040 _aDO-SdBNP
_bspa
_cBNPHU
245 0 0 _aThe role of chemicals and radiation in the etiology of cancer /
_cscientific editor, Eliezer Huberman ; technical editor, Susan H. Barr.
260 _aNew York :
_bRaven Press,
_c1985.
300 _a538 p. :
_bil., retrs. ;
_c25 cm.
490 1 _aCarcinogenesis-a comprehensive survey
_v10
500 _aIncluye índice
504 _aBibliografía
700 1 2 _aHuberman, Eliezer.
_962724
700 1 2 _aBarr, Susan H.,
_d1935-
_962725
700 1 2 _aHeidelberger, Charles
_962726
830 0 _aCarcinogenesis-a comprehensive survey
_v10
_962727
999 _c35981
_d35981